[Event "Orbis-2 GM 2019"]
[Site "Paracin"]
[Date "2019.07.19"]
[Round "9.2"]
[White "Lorparizangeneh, Shahin"]
[Black "Djordjevic, Vuk"]
[Result "0-1"]
[WhiteElo "2494"]
[BlackElo "2412"]
[Annotator "TA"]
[PlyCount "190"]
[EventDate "2019.07.13"]
[EventType "tourn"]
[EventCountry "SRB"]
[SourceTitle "playchess.com"]
[Source "ChessBase"]
[SourceQuality "1"]

{[%evp 13,190,33,28,28,19,21,27,0,26,10,20,16,14,12,0,0,0,0,0,0,20,-42,-36,-83,-72,-66,-54,-153,-157,-156,-154,-145,-150,-115,-95,-356,-370,-401,-404,-411,-431,-453,-453,-453,-453,-453,-453,-453,-438,-326,-202,-200,-198,-184,-198,-243,-243,-468,-462,-444,-244,-244,-244,-243,-235,-235,-235,-235,-235,-331,-329,-322,-243,-329,-251,-243,-243,-243,-243,-243,-243,-241,0,-243,-243,-329,-243,-243,-243,-251,-243,-243,-243,-251,-243,-243,-197,-243,-243,-320,-274,-283,-243,-383,-383,-435,-434,-644,-643,-613,-356,-365,0,-510,-383,-383,-382,-369,-343,-390,-390,-390,-390,-383,-383,-383,-383,-377,-343,-393,-393,-393,0,-377,-367,-354,-339,-510,-471,-468,-330,-345,-338,-324,-307,-307,-307,-325,-302,-718,-711,-704,-689,-29973,-29975,-29973,0,0,0,0,0,0,0,-29979,-29980,-29980,-29981,-29981,-29982,-29982,-29983,-29983,-29984,-29984,-29985,-29985,-29986,-29986,-29987]} 1. Nf3 Nf6 2. g3 d5 3. Bg2 e6 4. O-O Be7 5. c4 O-O 6. b3 a5 7. Nc3 c6 8. d4 {A14: English Opening: 1...e6 with b3 by White} (8. Bb2 Nbd7 9. d4 Rb8 10. Ne5 Bd6 11. f4 Ne8 12. e3 Bb4 13. Ne2 Be7 14. Qc2 Nd6 15. g4 f6 16. Nxd7 Bxd7 17. f5 {1-0 (69) Grandelius,N (2687)-Saduakassova,D (2461) Reykjavik 2019}) 8... b6 9. Nd2 Ba6 10. Bb2 {White has an edge.} Ra7 11. e4 dxc4 12. Nxc4 $146 ({Predecessor:} 12. e5 Nd5 13. bxc4 Nb4 14. Nce4 Rd7 15. Qg4 Kh8 16. Rfd1 Nc2 17. d5 Nxa1 {0-1 (29) Vitoux,C (2384)-Pelletier,Y (2550) Brest 2018}) 12... a4 13. Re1 ({Don't play} 13. Nxa4 b5 $17) 13... b5 $36 {[%mdl 2048] Black has the initiative.} 14. Ne5 a3 15. Bc1 Bb4 16. Re3 Qc7 {And now ...c5 would win.} 17. Bd2 ({White should play} 17. Ne2 $11) 17... c5 $15 18. Nf3 cxd4 $1 19. Nxd4 Qd8 20. Nc2 (20. e5 $1 $15 Qxd4 21. exf6) 20... Bc5 $1 $17 21. b4 Bxe3 22. Bxe3 Rc7 23. Bc5 Qxd1+ 24. Rxd1 $4 {[%mdl 8192]} (24. Nxd1 $17 {only move.} Rfc8 25. Nxa3) 24... Nbd7 $19 25. Bxf8 Kxf8 ({Stronger than} 25... Rxc3 26. Be7 $11) 26. e5 Nxe5 (26... Rxc3 27. exf6 Nxf6 28. Rd2 $17) 27. f4 Rxc3 28. fxe5 Rxc2 29. exf6 gxf6 {[%mdl 4096] Endgame KRB-KRB} 30. Rd7 {If White can now play Ra7 this consolidates a bit.} Bc8 (30... Rxa2 31. Ra7 $19) 31. Ra7 Rc1+ 32. Kf2 Rc3 33. Bf1 {[#]} e5 $1 34. Bxb5 Be6 35. Be2 $2 (35. Ke1 {was worth a try.} Bxa2 36. Kd2) 35... Bxa2 36. b5 Bd5 (36... e4 $142 37. b6 e3+ 38. Kf3 Bd5+ 39. Kf4 a2) 37. b6 Rb3 {Threatens to win with ...e4.} 38. Ra5 a2 ({Not} 38... Rxb6 39. Rxd5 Kg7 40. Ra5 $14) 39. Rxa2 Rxb6 40. Ra5 Be6 41. h4 (41. Bb5 $142) 41... Rb2 42. Ke3 Kg7 43. Rc5 Ra2 44. Bf3 Ra3+ 45. Kf2 Rb3 46. Ra5 Kf8 47. Ra8+ Kg7 {White must now prevent ...Rxf3+!} 48. Ra5 $1 Rc3 49. Be2 Rc7 50. Bf3 Kf8 51. Rb5 Rc2+ 52. Ke3 Rc4 53. Ra5 Bd7 54. Ra7 Ke8 55. Ra5 Ke7 56. Bh5 Rc3+ 57. Kf2 Rc2+ 58. Ke3 (58. Kf3 $142) 58... Rg2 59. Kf3 Bc6+ 60. Kg4 (60. Ke3 $142 Rxg3+ 61. Kf2) 60... Rf2 {[%cal Rc6d7]} 61. Kh3 Bg2+ 62. Kh2 Bc6+ 63. Kh3 Bd7+ 64. g4 Rd2 65. Kg3 h6 66. Ra7 Kf8 67. Kf3 Be6 68. Kg3 Rd7 69. Ra8+ Kg7 70. Ra5 Bb3 71. Rc5 Rd3+ 72. Kh2 Rd7 73. Kg3 Bd1 74. Kf2 Rd2+ 75. Kg3 (75. Ke1 $142 Rd4 76. Rc7 Bxg4 77. Rxf7+ Kg8 78. Bg6) 75... Rd3+ 76. Kh2 e4 77. Rc7 Bb3 78. Kg2 Rd2+ 79. Kg3 Bd5 80. Kf4 Rf2+ 81. Kg3 $2 (81. Ke3 Rf3+ 82. Ke2) 81... Rf3+ 82. Kg2 e3 83. Rxf7+ Bxf7 84. Kxf3 Bxh5 85. gxh5 f5 86. Kxe3 $11 {KPP-KPP} Kf6 87. Kf4 Ke6 {( -> ...Kf6)} 88. Kf3 $2 {[%mdl 8192]} (88. Ke3 $11 Ke5 89. Kf3 f4 90. Kg2 Ke4 91. Kf2 f3 92. Kf1 Kf4 93. Kf2 Kg4 94. Kf1 Kg3 95. Kg1 Kxh4 96. Kf2 Kg4 97. Ke1 Kxh5 98. Kd1 Kg4 99. Ke1 h5 100. Kf2 h4 101. Kf1 Kg3 102. Kg1 f2+ 103. Kf1 h3 104. Ke2 h2 105. Ke3 h1=Q 106. Kd3 f1=Q+ 107. Kd4 Qc6 108. Ke3 Qf2+ 109. Kd3 Qcc2#) 88... Ke5 {Black mates.} 89. Ke3 {[#]} f4+ $1 90. Ke2 Ke4 91. Kf2 f3 92. Kf1 Kf4 93. Kf2 {[#]} Kg4 $1 {[%mdl 512]} 94. Kf1 Kxh4 95. Kf2 Kg4 {Accuracy: White = 47%, Black = 81%.} 0-1

[Event "Orbis-2 GM 2019"]
[Site "Paracin"]
[Date "2019.07.19"]
[Round "9.5"]
[White "Nie, Xinyang"]
[Black "Eswaran, Ashritha"]
[Result "1-0"]
[WhiteElo "2375"]
[BlackElo "2257"]
[Annotator "TA"]
[PlyCount "91"]
[EventDate "2019.07.13"]
[EventType "tourn"]
[EventCountry "SRB"]
[SourceTitle "playchess.com"]
[Source "ChessBase"]
[SourceQuality "1"]

{[%evp 9,91,67,76,82,68,75,67,76,62,72,82,54,64,67,61,57,87,99,120,119,108,93,102,95,181,187,228,222,231,225,246,227,230,182,191,144,129,139,145,153,143,114,112,110,678,642,667,640,795,786,1183,1183,1181,1177,6230,6223,6223,4524,6223,6223,5181,1045,1045,1032,950,866,1164,895,1152,972,1651,1124,1112,1143,1110,1041,5057,1491,5081,5081,2088,2226,5073,5057]} 1. Nf3 ({Predecessor:} 1. d4 d5 2. c4 e5 3. dxe5 d4 4. Nf3 {0-1 (43) Radovic,S (2047)-Eswaran,A (2150) Veliko Gradiste 2018}) 1... d5 2. d4 Nc6 3. c4 e5 4. dxe5 d4 5. a3 Nge7 6. b4 $146 {D08: Albin Counter Gambit} (6. Bg5 Bg4 7. Nbd2 h6 8. Bh4 g5 9. Bg3 Nf5 10. Qc2 Qe7 11. Qe4 h5 12. h3 Nxg3 13. fxg3 {½-½ (55) Mamedyarov,S (2809)-Nepomniachtchi,I (2751) Moscow 2018}) 6... Ng6 7. Bb2 a5 8. b5 {White is slightly better.} Ncxe5 9. Nxe5 Nxe5 10. e3 Be6 11. Bxd4 Nxc4 12. Qc2 Qd5 13. Nc3 $36 {[%mdl 2048] Black is under strong pressure.} Qd7 {[#]} 14. Be2 $1 Nxa3 15. Qc1 Nc4 16. O-O Be7 (16... f6 $16 {was necessary.}) 17. Rd1 $18 ({Resist} 17. Bxg7 $6 Rg8 $16) 17... Nd6 18. Bxg7 Rg8 19. Be5 Bb3 20. Rd4 Qf5 21. Bg3 Bf6 22. b6 Bxd4 23. exd4 Rxg3 24. hxg3 {Strongly threatening Qa3.} c6 25. Qa3 Qe6 26. Bf3 Nc8 $2 {[%mdl 8192] [#]} (26... a4 $16) 27. d5 $1 {[%mdl 576] Deflection. White is clearly winning.} Bxd5 28. Bxd5 cxd5 29. Nb5 {Hoping for Nc7+.} Qxb6 30. Re1+ Kd7 {[#]} 31. Qf8 $1 {[%csl Ge1][%cal Rf8e8][%mdl 512]} Kc6 32. Qe8+ Kc5 33. Rc1+ Kb4 34. Nc3 {Threatening mate with Qa4+.} Qc6 35. Na2+ (35. Qe3 $142 a4 36. Qd2) 35... Kb5 36. Rxc6 bxc6 37. Qxf7 Ra7 38. Qe6 Ne7 39. f4 c5 40. g4 d4 41. f5 a4 42. g5 Rc7 43. g6 Nxg6 44. fxg6 hxg6 45. Qxg6 Re7 46. Qd3+ {Accuracy: White = 87%, Black = 36%.} 1-0